[Event "Festival INPS"]
[Site "Roma ITA"]
[Date "1996.??.??"]
[Round "8"]
[White "Verrascina, Nicola"]
[Black "Della Ragione, Achille"]
[Result "0-1"]
[WhiteElo "2090"]
[BlackElo "1863"]
[PlyCount "96"]
[EventDate "1996.??.??"]

1. e4 d5 2. exd5 Nf6 3. d4 Nxd5 4. c4 Nb6 5. Nf3 Bg4 6. Be2 e6 7. O-O Be7 8.
Nc3 Nc6 9. Be3 O-O 10. b3 Bf6 11. Ne4 Be7 12. Qd2 Bb4 13. Qb2 f5 14. Bg5 Qe8
15. Nc5 Bxc5 16. dxc5 Nd7 17. b4 h6 18. Bd2 e5 19. Bc3 e4 20. Nd4 Bxe2 21. Qxe2
Nxd4 22. Bxd4 c6 23. Rad1 Qf7 24. Ba1 Rad8 25. Rd6 Rde8 26. Rfd1 Re7 27. R1d4
Ne5 28. b5 Rfe8 29. h3 Kh7 30. bxc6 Nxc6 31. Rd1 Rc7 32. Qe3 Ne5 33. Bxe5 Rxe5
34. R1d5 f4 35. Qd4 Ree7 36. Re5 Rxe5 37. Qxe5 Re7 38. Qd4 e3 39. Qd3+ g6 40.
Qe2 exf2+ 41. Qxf2 Qxc4 42. Kh2 Qe4 43. Rd4 Qe5 44. Qxf4 Qxc5 45. Rc4 Qf5 46.
Qb8 g5 47. Qxa7 Qe5+ 48. Kh1 b5 0-1

[Event "Festival INPS"]
[Site "Roma ITA"]
[Date "1996.??.??"]
[Round "8"]
[White "Wyss, Walter"]
[Black "Ciotoli, Patrizio"]
[Result "1-0"]
[WhiteElo "2215"]
[BlackElo "2010"]
[PlyCount "173"]
[EventDate "1996.??.??"]

1. d4 Nf6 2. c4 e6 3. Nf3 b6 4. g3 Bb7 5. Bg2 Be7 6. O-O O-O 7. d5 d6 8. Nc3 e5
9. e4 Nbd7 10. Ne1 Ne8 11. Nd3 Bf6 12. Be3 Nc5 13. b4 Nxd3 14. Qxd3 a5 15. a3
g6 16. f4 Ng7 17. f5 Bc8 18. g4 Bg5 19. h3 Bd7 20. Qd2 Bxe3+ 21. Qxe3 Qh4 22.
b5 f6 23. Rf2 g5 24. Kf1 Kf7 25. Ke2 Rh8 26. Rh1 Rag8 27. Na4 Rb8 28. Nb2 Rbg8
29. Nd3 Ne8 30. Ne1 Qh6 31. h4 Qg7 32. Nf3 h6 33. Bf1 Qf8 34. Rfh2 Ke7 35. Qf2
Kd8 36. a4 Qe7 37. hxg5 fxg5 38. Rxh6 Rxh6 39. Rxh6 Nf6 40. Bh3 Nxe4 41. Qe3
Nf6 42. Rg6 Rxg6 43. fxg6 Nxg4 44. Qxg5 Qxg5 45. Nxg5 Ke8 46. g7 Nf6 47. Nh7
Ng8 48. Bxd7+ Kxd7 49. Nf8+ Ke7 50. Ne6 Kf7 51. Nxc7 Nf6 52. Ne6 Ne8 53. Ke3
Nxg7 54. Nd8+ Ke8 55. Nc6 Nf5+ 56. Kd3 Ne7 57. Nb8 Kd8 58. Ke4 Kc8 59. Nc6 Kd7
60. c5 dxc5 61. Nxe5+ Kc7 62. Nc4 Ng6 63. Kf5 Nf8 64. Kf6 Kd7 65. Kg7 Ke8 66.
Nxb6 Nd7 67. Nc4 Ke7 68. Kg6 Nf6 69. d6+ Ke6 70. b6 Nd7 71. b7 Nb8 72. Kg7 Kd7
73. Kf7 Na6 74. Kf6 Nb8 75. Ke5 Kc6 76. Nxa5+ Kb6 77. Ke6 c4 78. d7 Kc7 79.
d8=Q+ Kxd8 80. Kd6 Nd7 81. Nc6+ Ke8 82. Ne5 Nb8 83. Nxc4 Kd8 84. Ne5 Na6 85.
Nc6+ Ke8 86. Nb4 Nb8 87. Kc7 1-0

[Event "Open Shangri' La'"]
[Site "Roma ITA"]
[Date "1996.??.??"]
[Round "1"]
[White "Balducci, Walter"]
[Black "Pompa, Alessandro"]
[Result "0-1"]
[WhiteElo "1648"]
[BlackElo "2091"]
[PlyCount "72"]
[EventDate "1996.??.??"]

1. e4 c6 2. d4 d5 3. f3 e6 4. Be3 dxe4 5. Nd2 exf3 6. Ngxf3 Nf6 7. Nc4 Nd5 8.
Bd2 c5 9. Bd3 Nc6 10. O-O Be7 11. Nfe5 Nf6 12. Kh1 cxd4 13. Bg5 Qd5 14. Bxf6
Bxf6 15. Ng4 Be7 16. Qe2 h5 17. Be4 Qg5 18. Nge5 Nxe5 19. Nxe5 O-O 20. Nf3 Qe3
21. Rae1 Qxe2 22. Rxe2 Bf6 23. Bd3 Rd8 24. Nd2 Bd7 25. Ne4 Be7 26. Ng3 h4 27.
Nf5 Bf6 28. Nh6+ Kf8 29. Ref2 Be8 30. Ng4 Bg5 31. Ne5 f6 32. Nf3 Be3 33. Re2 h3
34. Rxe3 hxg2+ 35. Kxg2 dxe3 36. Ng5 Bc6+ 0-1

[Event "Open Shangri' La'"]
[Site "Roma ITA"]
[Date "1996.??.??"]
[Round "1"]
[White "Barro, Carlo"]
[Black "Vigile, Matteo"]
[Result "1-0"]
[WhiteElo "1771"]
[BlackElo "1600"]
[PlyCount "43"]
[EventDate "1996.??.??"]

1. d4 d5 2. c4 e6 3. a3 Nf6 4. Nc3 c5 5. e3 Nc6 6. Nf3 dxc4 7. Bxc4 cxd4 8.
exd4 Be7 9. O-O O-O 10. Re1 Re8 11. Bd3 Nd5 12. Ne4 h6 13. b4 Qb6 14. Bb2 Bd7
15. Nc5 Red8 16. Qc2 Rac8 17. Nxd7 Rxd7 18. b5 Nd8 19. Qxc8 Rc7 20. Qa8 Qa5 21.
Rac1 Nb6 22. Qb8 1-0

[Event "Open Shangri' La'"]
[Site "Roma ITA"]
[Date "1996.??.??"]
[Round "1"]
[White "Capitelli, Paolo"]
[Black "Cardellini, Fabio"]
[Result "1/2-1/2"]
[WhiteElo "1872"]
[BlackElo "1600"]
[PlyCount "54"]
[EventDate "1996.??.??"]

1. e4 e6 2. d4 d5 3. Nd2 c5 4. exd5 exd5 5. Bb5+ Nc6 6. Ngf3 Bd6 7. dxc5 Bxc5
8. Nb3 Qe7+ 9. Be2 Be6 10. Nxc5 Qxc5 11. c3 Nf6 12. Be3 Qd6 13. Nd4 O-O 14. O-O
Qd7 15. Nxe6 fxe6 16. Qb3 Qf7 17. Rad1 e5 18. f3 Kh8 19. Bg5 Rad8 20. Rfe1 Rd7
21. Be3 a6 22. Bc5 Re8 23. Bd3 e4 24. fxe4 dxe4 25. Qxf7 Rxf7 26. Bc4 Rd7 27.
Rxd7 Nxd7 1/2-1/2

[Event "Open Shangri' La'"]
[Site "Roma ITA"]
[Date "1996.??.??"]
[Round "1"]
[White "De Carolis, Maurizio"]
[Black "Trebeschi, Andrea"]
[Result "1/2-1/2"]
[WhiteElo "1555"]
[BlackElo "1756"]
[PlyCount "84"]
[EventDate "1996.??.??"]

1. c4 Nf6 2. g3 d6 3. Bg2 g6 4. Nc3 Bg7 5. e3 O-O 6. Nge2 c6 7. O-O Nbd7 8. b3
Nb6 9. Rb1 Bg4 10. h3 Bxe2 11. Qxe2 e6 12. Bb2 d5 13. cxd5 cxd5 14. Ba3 Re8 15.
Nb5 Bf8 16. Bxf8 Rxf8 17. Rfc1 a6 18. Nc3 Nfd7 19. d4 f5 20. Rc2 Nf6 21. Rbc1
Qe7 22. Na4 Nxa4 23. Rc7 Qb4 24. bxa4 Qxa4 25. Rxb7 Rfc8 26. Rcc7 Rxc7 27. Rxc7
Rb8 28. Bf1 Rb1 29. Kg2 Rb6 30. Ra7 a5 31. Qd2 Ne4 32. Rxa5 Qc6 33. Qd3 Rb2 34.
Be2 Qc1 35. Qa3 Qc7 36. Qxb2 Qxa5 37. Qb8+ Kf7 38. Bb5 Qxa2 39. Qe8+ Kg7 40.
Qe7+ Kh6 41. Qh4+ Kg7 42. Qe7+ Kh6 1/2-1/2

[Event "Open Shangri' La'"]
[Site "Roma ITA"]
[Date "1996.??.??"]
[Round "1"]
[White "Lepri, Livio"]
[Black "Moroni, Marco"]
[Result "1-0"]
[WhiteElo "1600"]
[BlackElo "1842"]
[PlyCount "121"]
[EventDate "1996.??.??"]

1. c4 c5 2. Nc3 Nf6 3. g3 Nc6 4. Bg2 e6 5. Nf3 d5 6. cxd5 exd5 7. d4 Ne4 8. O-O
Be7 9. dxc5 Nxc3 10. bxc3 Bxc5 11. Nd4 O-O 12. Nb3 Bb6 13. Qxd5 Qf6 14. Qf3 Qg6
15. Qf4 Bg4 16. e3 Rac8 17. Be4 Qh5 18. h4 h6 19. Ba3 g5 20. hxg5 hxg5 21. Qd6
Bc7 22. Qd2 Ne5 23. Nd4 Rfd8 24. f4 Nc4 25. Qc1 gxf4 26. exf4 Bb6 27. Be7 Rxd4
28. cxd4 Bxd4+ 29. Rf2 Bxf2+ 30. Kxf2 Qh2+ 31. Bg2 Nb6 32. Qd2 Bf5 33. Rh1 Qxh1
34. Bxh1 Rc2 35. Qxc2 Bxc2 36. Bxb7 Bb1 37. a3 a5 38. Bc5 Nc4 39. Bd5 Bd3 40.
Kf3 a4 41. g4 Kg7 42. Bb4 Nb6 43. Be4 Bc4 44. Ke3 Bb3 45. Kd4 Nd7 46. g5 Bd1
47. Bc3 Kf8 48. Kc4 Bb3+ 49. Kb4 Nb6 50. Bd4 Nc4 51. Bc6 Nd2 52. Bxa4 Be6 53.
Bc5+ Kg7 54. Bb5 Bf5 55. a4 Kg6 56. a5 f6 57. gxf6 Kxf6 58. a6 Be4 59. Be3 Nf3
60. Kc5 Nh4 61. Bc6 1-0

[Event "Open Shangri' La'"]
[Site "Roma ITA"]
[Date "1996.??.??"]
[Round "1"]
[White "Papetti, Francesco"]
[Black "Farina, Saverio"]
[Result "0-1"]
[WhiteElo "1705"]
[BlackElo "2170"]
[PlyCount "104"]
[EventDate "1996.??.??"]

1. Nf3 d5 2. d4 c5 3. c4 e6 4. e3 Nf6 5. Nc3 Nc6 6. Be2 a6 7. a3 dxc4 8. Bxc4
b5 9. Be2 Bb7 10. O-O cxd4 11. exd4 Be7 12. Be3 O-O 13. Qb3 Na5 14. Qa2 Nd5 15.
Rac1 Rc8 16. Nxd5 Bxd5 17. Rxc8 Bxa2 18. Rxd8 Rxd8 19. Ne5 f6 20. Nd3 Bc4 21.
Rd1 Kf7 22. Bf3 Bd5 23. Be2 Bc4 24. Bf3 Bd5 25. Be2 Nc4 26. Bc1 Rc8 27. b4 Bd6
28. Nc5 Ra8 29. Bd3 g6 30. Re1 a5 31. Bxc4 bxc4 32. Bd2 axb4 33. Bxb4 Rc8 34.
Rd1 h5 35. g3 h4 36. f4 hxg3 37. hxg3 Rh8 38. Kf2 Rh2+ 39. Ke3 Rg2 40. Be1 Rg1
41. a4 Bc7 42. Kf2 Rh1 43. Ke2 g5 44. a5 g4 45. a6 Bf3+ 46. Kd2 Rh2+ 47. Kc3
Bxd1 48. Kxc4 Ra2 49. Kb5 Bf3 50. Nd3 Be2 51. Kc6 Rxa6+ 52. Kxc7 Bxd3 0-1

[Event "Open Shangri' La'"]
[Site "Roma ITA"]
[Date "1996.??.??"]
[Round "1"]
[White "Pierangeli, Andrea"]
[Black "Mazziotto, Nicola"]
[Result "1-0"]
[WhiteElo "1750"]
[BlackElo "1522"]
[PlyCount "115"]
[EventDate "1996.??.??"]

1. e4 e6 2. d4 a6 3. Nf3 b5 4. Bd3 Bb7 5. O-O c5 6. c3 h6 7. Qe2 Nf6 8. Nbd2
Be7 9. dxc5 Bxc5 10. Nb3 Bb6 11. Bf4 d6 12. Rad1 O-O 13. Bb1 Ne8 14. e5 Bxf3
15. Qxf3 d5 16. Qd3 f5 17. Qg3 g5 18. h4 Kf7 19. hxg5 Rg8 20. Qh3 hxg5 21. Be3
Nd7 22. Bd4 Ng7 23. g4 Rh8 24. Qf3 f4 25. Kg2 Qc7 26. Rde1 Rh4 27. Rh1 Rah8 28.
Rxh4 Rxh4 29. Qe2 Qb8 30. Rh1 Rxh1 31. Kxh1 Bc7 32. Qd3 Qh8+ 33. Kg2 Qh6 34.
Qe2 Ne8 35. Nd2 Qh4 36. Bc2 Bb8 37. Bd1 Nc7 38. a4 Ke7 39. f3 Qg3+ 40. Kf1 Qh3+
41. Ke1 Qh4+ 42. Bf2 Qh8 43. axb5 axb5 44. Bd4 Qh4+ 45. Qf2 Qxf2+ 46. Kxf2 Na6
47. Be2 Bxe5 48. Bxe5 Nxe5 49. Bxb5 Nc7 50. Be2 Kd7 51. Ke1 Kc6 52. Kd1 Nb5 53.
Kc2 d4 54. Bxb5+ Kxb5 55. cxd4 Nc4 56. Ne4 Ne3+ 57. Kd3 Nd5 58. Nxg5 1-0

[Event "Open Shangri' La'"]
[Site "Roma ITA"]
[Date "1996.??.??"]
[Round "1"]
[White "Quimi, Marco"]
[Black "Matano, Arturo"]
[Result "1-0"]
[WhiteElo "2225"]
[BlackElo "1663"]
[PlyCount "84"]
[EventDate "1996.??.??"]

1. e4 g6 2. f4 Bg7 3. Nf3 d6 4. d4 Bg4 5. Be3 c5 6. c3 Qb6 7. Qb3 Qxb3 8. axb3
Bxf3 9. gxf3 cxd4 10. cxd4 a6 11. Bb5+ Nd7 12. Nc3 Rc8 13. Bd3 e6 14. Rg1 Bh6
15. Kd2 Ne7 16. f5 Bxe3+ 17. Kxe3 e5 18. f4 Nc6 19. fxe5 dxe5 20. dxe5 Ncxe5
21. Nd5 Nxd3 22. Kxd3 Nc5+ 23. Ke3 Rc6 24. b4 Nd7 25. b5 Rd6 26. Rgd1 Kd8 27.
bxa6 bxa6 28. Nb4 Rxd1 29. Rxd1 Re8 30. Nxa6 gxf5 31. Nc5 Re7 32. Rxd7+ Rxd7
33. Nxd7 Kxd7 34. exf5 Kd6 35. Kf4 f6 36. Kg4 Ke5 37. b4 h5+ 38. Kxh5 Kxf5 39.
b5 Ke6 40. b6 Kd7 41. Kg6 f5 42. Kxf5 Kc6 1-0

[Event "Open Shangri' La'"]
[Site "Roma ITA"]
[Date "1996.??.??"]
[Round "1"]
[White "Rotondi, Paolo"]
[Black "Scagliarini, Bruno"]
[Result "1/2-1/2"]
[WhiteElo "1591"]
[BlackElo "1767"]
[PlyCount "95"]
[EventDate "1996.??.??"]

1. c4 e6 2. Nc3 d5 3. d4 Nf6 4. Bg5 Be7 5. e3 Nbd7 6. Nf3 a6 7. a3 O-O 8. Bd3
dxc4 9. Bxc4 b5 10. Bd3 Bb7 11. b4 h6 12. Bh4 c6 13. O-O a5 14. Qb3 Nb6 15.
bxa5 Rxa5 16. Bxf6 Bxf6 17. Ne4 Be7 18. Nc5 Bxc5 19. dxc5 Nd7 20. Rfc1 Qe7 21.
Bb1 Rfa8 22. Qd3 g6 23. Qc3 Qf6 24. Nd4 Ra4 25. Bd3 e5 26. Nxb5 cxb5 27. c6
Bxc6 28. Qxc6 Qxc6 29. Rxc6 b4 30. Rc7 Nf8 31. Bc4 Ne6 32. Bxe6 fxe6 33. Rb7
Rxa3 34. Rb1 b3 35. Kf1 Rc8 36. R1xb3 Ra2 37. Rb8 Rxb8 38. Rxb8+ Kf7 39. Rb7+
Kf6 40. h4 Kf5 41. f3 Kf6 42. Rh7 h5 43. e4 Rb2 44. Kg1 Re2 45. Kh2 Ra2 46. Kg3
Rb2 47. Rc7 Ra2 48. Rh7 1/2-1/2

[Event "Open Shangri' La'"]
[Site "Roma ITA"]
[Date "1996.??.??"]
[Round "1"]
[White "Scagliarini, Valentina"]
[Black "Wyss, Walter"]
[Result "0-1"]
[WhiteElo "1606"]
[BlackElo "2215"]
[PlyCount "60"]
[EventDate "1996.??.??"]

1. e4 c5 2. Nf3 e6 3. d4 cxd4 4. Nxd4 Nc6 5. Nc3 Qc7 6. Be3 a6 7. Qd2 Nf6 8. f3
Bb4 9. a3 Be7 10. Qf2 Bd6 11. g4 b5 12. Nce2 Ne5 13. Ng3 Bb7 14. g5 Nfg4 15.
fxg4 Nxg4 16. Qg1 Nxh2 17. O-O-O Bxg3 18. Ne2 Rc8 19. Rd2 Be1 20. c3 Nf3 21.
Qg2 Bxe4 22. Qh3 Nxd2 23. Bxd2 Bxd2+ 24. Kxd2 Bxh1 25. Qxh1 Qd6+ 26. Kc1 O-O
27. Kb1 Qd1+ 28. Ka2 a5 29. Qf3 b4 30. cxb4 Rc1 0-1

[Event "Open Shangri' La'"]
[Site "Roma ITA"]
[Date "1996.??.??"]
[Round "1"]
[White "Spano' Cuomo, Gaetano"]
[Black "Arabito, Giuseppe"]
[Result "1/2-1/2"]
[WhiteElo "1704"]
[BlackElo "1579"]
[PlyCount "93"]
[EventDate "1996.??.??"]

1. Nf3 Nf6 2. g3 g6 3. Bg2 Bg7 4. d4 d6 5. c4 O-O 6. O-O c5 7. Nc3 Nc6 8. d5
Na5 9. Qd3 a6 10. Bd2 Bd7 11. e4 Qc7 12. Nh4 Ng4 13. Rae1 Ne5 14. Qe2 Nexc4 15.
b3 Nxd2 16. Qxd2 b5 17. f4 Rac8 18. Nd1 c4 19. b4 c3 20. Qc2 Nc4 21. Nf2 Nd2
22. Nd3 Nxf1 23. Bxf1 Qb6+ 24. Kh1 Bg4 25. h3 Bd7 26. g4 e6 27. dxe6 Bxe6 28.
f5 Bc4 29. Nf4 g5 30. Bxc4 gxf4 31. Bd5 Be5 32. g5 Kh8 33. Nf3 Rc7 34. f6 Bd4
35. h4 Rg8 36. h5 Bf2 37. Re2 Bg3 38. e5 dxe5 39. Qf5 c2 40. Rxc2 Rxc2 41. Qxc2
Rf8 42. Nxe5 Kg8 43. Qc5 Bf2 44. Qxb6 Bxb6 45. Kg2 Bd4 46. Nxf7 Rxf7 47. g6
1/2-1/2

[Event "Open Shangri' La'"]
[Site "Roma ITA"]
[Date "1996.??.??"]
[Round "1"]
[White "Verrascina, Roberto"]
[Black "Buffoni, Luca"]
[Result "1-0"]
[WhiteElo "2225"]
[BlackElo "1708"]
[PlyCount "47"]
[EventDate "1996.??.??"]

1. Nf3 d5 2. g3 Nf6 3. Bg2 e6 4. O-O Nbd7 5. d3 Bd6 6. Nbd2 O-O 7. e4 c6 8. b3
Qa5 9. a3 dxe4 10. dxe4 b5 11. Bb2 Qc7 12. c4 a6 13. Qc2 Rb8 14. c5 Bxc5 15. e5
Nd5 16. Ng5 g6 17. Bh3 Re8 18. Qe4 Nf8 19. Qh4 Qe7 20. Qh6 Ne3 21. Nde4 Nxf1
22. Nf6+ Kh8 23. Ngxh7 Bxf2+ 24. Kxf1 1-0

[Event "Open Shangri' La'"]
[Site "Roma ITA"]
[Date "1996.??.??"]
[Round "2"]
[White "Arabito, Giuseppe"]
[Black "Capitelli, Paolo"]
[Result "0-1"]
[WhiteElo "1579"]
[BlackElo "1872"]
[PlyCount "40"]
[EventDate "1996.??.??"]

1. e4 c5 2. Nf3 e6 3. d4 cxd4 4. c3 dxc3 5. Nxc3 d6 6. Bc4 a6 7. O-O b5 8. Bb3
Ra7 9. Bg5 Nf6 10. Qe2 h6 11. Be3 Rd7 12. e5 Ng4 13. Bxe6 fxe6 14. Nd4 Qh4 15.
Nf3 Qh5 16. exd6 Bxd6 17. Bf4 O-O 18. Qxe6+ Qf7 19. Qxg4 Qxf4 20. Qxf4 Bxf4 0-1

[Event "Open Shangri' La'"]
[Site "Roma ITA"]
[Date "1996.??.??"]
[Round "2"]
[White "Buffoni, Luca"]
[Black "Moroni, Marco"]
[Result "1/2-1/2"]
[WhiteElo "1708"]
[BlackElo "1842"]
[PlyCount "66"]
[EventDate "1996.??.??"]

1. e4 e5 2. Nf3 Nc6 3. Bb5 d6 4. O-O Nf6 5. Re1 Be7 6. d4 Bd7 7. Nc3 exd4 8.
Nxd4 Nxd4 9. Bxd7+ Qxd7 10. Qxd4 O-O 11. Bg5 Qg4 12. Be3 a6 13. Nd5 Nxd5 14.
exd5 Qg6 15. Qd2 Bf6 16. Bd4 Rae8 17. Bxf6 Qxf6 18. c4 Qg6 19. Qb4 Qg4 20. Qxb7
Qxc4 21. Qc6 Rxe1+ 22. Rxe1 Qxa2 23. g3 g6 24. Re7 Qxb2 25. Qxc7 Qa3 26. Rd7 a5
27. Rxd6 Qa1+ 28. Kg2 Qe1 29. Qc4 Ra8 30. Rd7 Qe8 31. Rc7 Rd8 32. Ra7 a4 33.
Rxa4 Rxd5 1/2-1/2

[Event "Open Shangri' La'"]
[Site "Roma ITA"]
[Date "1996.??.??"]
[Round "2"]
[White "Cardellini, Fabio"]
[Black "Spano' Cuomo, Gaetano"]
[Result "1-0"]
[WhiteElo "1600"]
[BlackElo "1704"]
[PlyCount "85"]
[EventDate "1996.??.??"]

1. c4 e5 2. Nc3 Nf6 3. d3 Bb4 4. a3 Bxc3+ 5. bxc3 d6 6. g3 c6 7. Bg2 Be6 8. Bg5
Nbd7 9. Nf3 O-O 10. Nd2 h6 11. Be3 Ng4 12. O-O Nxe3 13. fxe3 Qg5 14. e4 Nf6 15.
Nf3 Qh5 16. Nh4 b6 17. Qd2 Ng4 18. Bf3 Qg5 19. Qxg5 hxg5 20. Bxg4 Bxg4 21. Nf3
Bh3 22. Nxg5 Bxf1 23. Rxf1 Rae8 24. Nf3 f6 25. Nh4 Rb8 26. Nf5 Kf7 27. Nxd6+
Ke6 28. Nf5 g6 29. Nh4 b5 30. cxb5 Rxb5 31. Nxg6 Rfb8 32. h4 Rb2 33. Re1 Ra2
34. h5 Rxa3 35. Kf2 a5 36. h6 Kf7 37. Nh4 a4 38. Nf5 Rxc3 39. h7 a3 40. Rb1 Kg6
41. Rxb8 Kxh7 42. Ra8 Kg6 43. Ra7 1-0

[Event "Open Shangri' La'"]
[Site "Roma ITA"]
[Date "1996.??.??"]
[Round "2"]
[White "Farina, Saverio"]
[Black "Barro, Carlo"]
[Result "1-0"]
[WhiteElo "2170"]
[BlackElo "1771"]
[PlyCount "115"]
[EventDate "1996.??.??"]

1. d4 Nf6 2. c4 g6 3. Nc3 Bg7 4. e4 d6 5. Nge2 O-O 6. Ng3 e5 7. d5 Nh5 8. Nxh5
gxh5 9. Qxh5 f5 10. Bg5 Qe8 11. Qxe8 Rxe8 12. O-O-O Na6 13. Bd3 f4 14. Be2 Rf8
15. h3 Bd7 16. Bg4 Bxg4 17. hxg4 Bf6 18. Rh5 Rad8 19. Rdh1 Rd7 20. f3 Nb8 21.
Kd2 a6 22. Bh4 Bxh4 23. R1xh4 Rg7 24. Rf5 Nd7 25. Rhh5 Rg6 26. Ne2 Kg7 27. Rxf8
Nxf8 28. g3 fxg3 29. Nxg3 h6 30. Nf5+ Kh7 31. b4 Nd7 32. Rh1 b6 33. Kd3 a5 34.
a3 a4 35. Kc3 Nf6 36. c5 b5 37. cxd6 cxd6 38. Kd3 Nd7 39. Rc1 Nb6 40. Rc7+ Kh8
41. Ne3 Rf6 42. Ke2 Rg6 43. Rb7 Nc4 44. Nxc4 bxc4 45. Rc7 h5 46. Rxc4 hxg4 47.
fxg4 Rxg4 48. Kf3 Rg1 49. Rc6 Ra1 50. Rxd6 Rxa3+ 51. Kg4 Kg7 52. Kf5 Rb3 53.
Ra6 Rxb4 54. Kxe5 Kf7 55. Ra7+ Ke8 56. Kf5 Kf8 57. e5 Rh4 58. d6 1-0

[Event "Open Shangri' La'"]
[Site "Roma ITA"]
[Date "1996.??.??"]
[Round "2"]
[White "Lepri, Livio"]
[Black "Pierangeli, Andrea"]
[Result "1-0"]
[WhiteElo "1600"]
[BlackElo "1750"]
[PlyCount "103"]
[EventDate "1996.??.??"]

1. c4 g6 2. Nc3 Bg7 3. d4 Nf6 4. e4 d6 5. f3 O-O 6. Be3 c6 7. Qd2 Re8 8. O-O-O
a6 9. Bd3 b5 10. Nge2 bxc4 11. Bxc4 d5 12. Bd3 e6 13. e5 Nfd7 14. f4 a5 15. g4
Na6 16. Na4 Qc7 17. Nec3 Rb8 18. Kb1 Nb4 19. Be2 Na6 20. Rc1 Qa7 21. Ka1 Nc7
22. Rc2 Ba6 23. Rhc1 Bxe2 24. Qxe2 Na6 25. Nb1 Nb4 26. Rd2 Nb6 27. Nxb6 Rxb6
28. a3 Reb8 29. Nc3 Qa8 30. Na4 Na6 31. Nxb6 Rxb6 32. Rdc2 a4 33. Rc3 Qb7 34.
Qc2 Nb8 35. Rb1 Rb3 36. Ka2 Rb6 37. Qxa4 Bf8 38. Rb3 Rb5 39. Rxb5 cxb5 40. Qc2
b4 41. a4 Nc6 42. b3 Qa6 43. Rd1 Kg7 44. Qd3 Qa8 45. Rc1 Na7 46. Qa6 Qb8 47. a5
Be7 48. Qb6 Qa8 49. a6 Nc8 50. Qb7 Nb6 51. Qxb6 Qd8 52. Qxd8 1-0

[Event "Open Shangri' La'"]
[Site "Roma ITA"]
[Date "1996.??.??"]
[Round "2"]
[White "Matano, Arturo"]
[Black "Balducci, Walter"]
[Result "1-0"]
[WhiteElo "1663"]
[BlackElo "1648"]
[PlyCount "77"]
[EventDate "1996.??.??"]

1. e4 d5 2. exd5 c6 3. dxc6 Nxc6 4. Bb5 e5 5. Qe2 Bd6 6. d4 Bd7 7. Nf3 Nge7 8.
dxe5 Bc7 9. O-O O-O 10. Bg5 Qe8 11. Bxe7 Qxe7 12. Nc3 Be6 13. Rfd1 Rfd8 14. h3
Nb4 15. a3 Nd5 16. Nxd5 Bxd5 17. Re1 Bb6 18. Bd3 Rac8 19. Rad1 h6 20. c3 Rc6
21. Be4 Bc4 22. Rxd8+ Qxd8 23. Qd2 Rc8 24. Qxd8+ Bxd8 25. Nd4 Ba6 26. g3 h5 27.
f4 Bb6 28. Rd1 Rd8 29. Bd3 Rxd4 30. cxd4 Bxd4+ 31. Kf1 Bxd3+ 32. Rxd3 Bxb2 33.
Rb3 Bc1 34. Rxb7 Bxa3 35. Rxa7 Bc5 36. Ra8+ Kh7 37. Ke2 Kg6 38. Kf3 Kf5 39. Ra6
1-0

[Event "Open Shangri' La'"]
[Site "Roma ITA"]
[Date "1996.??.??"]
[Round "2"]
[White "Mazziotto, Nicola"]
[Black "Papetti, Francesco"]
[Result "0-1"]
[WhiteElo "1522"]
[BlackElo "1705"]
[PlyCount "68"]
[EventDate "1996.??.??"]

1. e4 c6 2. d4 d5 3. e5 Bf5 4. Be2 e6 5. g4 Be4 6. Bf3 Bg6 7. h4 h6 8. c3 Be7
9. h5 Bh7 10. Bf4 Qb6 11. Qd2 Nd7 12. Bd1 c5 13. Be3 O-O-O 14. a4 Kb8 15. Na3
Rc8 16. Bc2 Bxc2 17. Qxc2 cxd4 18. Bxd4 Bc5 19. Bxc5 Qxc5 20. Qe2 a6 21. Rh3
Ne7 22. b4 Qc7 23. b5 a5 24. f4 g5 25. fxg5 Qxe5 26. Qxe5+ Nxe5 27. gxh6 Nxg4
28. Kd2 Nf5 29. Nc2 Nf2 30. Rf3 Ne4+ 31. Kc1 Rxc3 32. Rxc3 Nxc3 33. Ra3 Ne4 34.
Nf3 Rxh6 0-1

[Event "Open Shangri' La'"]
[Site "Roma ITA"]
[Date "1996.??.??"]
[Round "2"]
[White "Pompa, Alessandro"]
[Black "Verrascina, Roberto"]
[Result "1/2-1/2"]
[WhiteElo "2091"]
[BlackElo "2225"]
[PlyCount "102"]
[EventDate "1996.??.??"]

1. d4 g6 2. c4 Bg7 3. Nf3 d6 4. g3 Nf6 5. Bg2 O-O 6. O-O Nbd7 7. Nc3 c6 8. Qc2
e5 9. Rd1 Qb6 10. b3 exd4 11. Nxd4 a6 12. Bb2 Re8 13. Rac1 Ne5 14. Ba3 c5 15.
Nf3 Bf5 16. Qd2 Qa5 17. Bb2 Neg4 18. Nd5 Qxa2 19. Bxf6 Qxd2 20. Rxd2 Nxf6 21.
Nc7 Ne4 22. Rdc2 g5 23. Nxa8 Rxa8 24. Nd2 Nf6 25. Bxb7 Rb8 26. e4 Bg6 27. Bd5
g4 28. Kf1 Nxd5 29. cxd5 f5 30. Ra2 fxe4 31. Ke2 Bh6 32. Rxa6 Re8 33. Rc3 Bg7
34. Rc4 Bd4 35. Nf1 Rd8 36. Ne3 Kf7 37. Nxg4 Bh5 38. h3 Kg6 39. b4 Kg5 40. b5
Rf8 41. Rxd6 Rxf2+ 42. Ke1 Rb2 43. b6 Bxg4 44. hxg4 Kxg4 45. Kd1 Kf3 46. Rc2
Rb4 47. Rc1 Rb2 48. Re6 e3 49. Rc2 Rb1+ 50. Rc1 Rb2 51. Rc2 Rb1+ 1/2-1/2

[Event "Open Shangri' La'"]
[Site "Roma ITA"]
[Date "1996.??.??"]
[Round "2"]
[White "Scagliarini, Bruno"]
[Black "De Carolis, Maurizio"]
[Result "1/2-1/2"]
[WhiteElo "1767"]
[BlackElo "1555"]
[PlyCount "63"]
[EventDate "1996.??.??"]

1. c4 c6 2. g3 e6 3. Bg2 d5 4. Nf3 Nf6 5. b3 Be7 6. Bb2 O-O 7. O-O Na6 8. d4 b6
9. Nc3 Bb7 10. Rc1 Rc8 11. e3 Nb8 12. Ne5 Nbd7 13. cxd5 cxd5 14. Qe2 Nxe5 15.
dxe5 Nd7 16. Na4 Nc5 17. Nxc5 Bxc5 18. Rfd1 Qe7 19. h4 Rc7 20. Rc2 Rfc8 21.
Rdc1 h6 22. a3 a5 23. Rc3 Qd7 24. Bf1 Qc6 25. Bg2 Qd7 26. g4 Bc6 27. g5 hxg5
28. hxg5 g6 29. e4 Be7 30. exd5 Bxd5 31. Bxd5 Rxc3 32. Rxc3 1/2-1/2

[Event "Open Shangri' La'"]
[Site "Roma ITA"]
[Date "1996.??.??"]
[Round "2"]
[White "Trebeschi, Andrea"]
[Black "Rotondi, Paolo"]
[Result "1/2-1/2"]
[WhiteElo "1756"]
[BlackElo "1591"]
[PlyCount "76"]
[EventDate "1996.??.??"]

1. e4 c6 2. d4 d5 3. e5 Bf5 4. h4 h5 5. Ne2 e6 6. Ng3 Bg6 7. Bg5 Be7 8. Bxe7
Qxe7 9. c3 Nd7 10. Bd3 Bxd3 11. Qxd3 c5 12. Nd2 c4 13. Qe3 b5 14. Nf3 Nh6 15.
Qg5 Qxg5 16. hxg5 Nf5 17. Rxh5 Rxh5 18. Nxh5 g6 19. Nf6+ Ke7 20. g4 Ng7 21.
Nxd7 Kxd7 22. Kf1 a5 23. a3 Rb8 24. Nd2 Ne8 25. f4 b4 26. axb4 axb4 27. Ke2 Nc7
28. Rf1 bxc3 29. bxc3 Nb5 30. Nb1 Rh8 31. f5 Rh2+ 32. Kd1 gxf5 33. gxf5 Rg2 34.
fxe6+ Kxe6 35. Rf6+ Ke7 36. Rb6 Rg1+ 37. Kc2 Nc7 38. Rc6 Kd7 1/2-1/2

[Event "Open Shangri' La'"]
[Site "Roma ITA"]
[Date "1996.??.??"]
[Round "2"]
[White "Vigile, Matteo"]
[Black "Alfonsi, Paolo"]
[Result "1-0"]
[WhiteElo "1600"]
[BlackElo "1711"]
[PlyCount "79"]
[EventDate "1996.??.??"]

1. d4 Nf6 2. c4 d5 3. Nc3 Bf5 4. Nf3 e6 5. Nh4 Bg4 6. g3 c5 7. Bg2 cxd4 8. Qxd4
Nc6 9. Qd1 Bb4 10. cxd5 exd5 11. O-O Be6 12. Qc2 O-O 13. Nf3 Rc8 14. e3 Ng4 15.
Rd1 Nf6 16. Bd2 Ne7 17. Qb3 Bd6 18. Nd4 b6 19. Rdc1 Nc6 20. Nxc6 Rxc6 21. Qa4
Qd7 22. Qd1 Be5 23. Na4 Rfc8 24. Bc3 Bxc3 25. Nxc3 Bh3 26. Bxh3 Qxh3 27. Qf1
Qh5 28. Rd1 Rd8 29. Qg2 Rcd6 30. Rd2 Ng4 31. Rad1 Ne5 32. Kh1 Nf3 33. g4 Qh4
34. Qxf3 Rf6 35. Qg3 Qg5 36. f4 Qg6 37. Rxd5 Re8 38. Rd8 Kf8 39. Rxe8+ Kxe8 40.
f5 1-0

[Event "Open Shangri' La'"]
[Site "Roma ITA"]
[Date "1996.??.??"]
[Round "2"]
[White "Wyss, Walter"]
[Black "Quimi, Marco"]
[Result "0-1"]
[WhiteElo "2215"]
[BlackElo "2225"]
[PlyCount "110"]
[EventDate "1996.??.??"]

1. e4 c5 2. Nf3 d6 3. b4 Nf6 4. bxc5 Nxe4 5. cxd6 Qxd6 6. Bb5+ Bd7 7. Bxd7+
Nxd7 8. O-O e6 9. d3 Nef6 10. Ba3 Qc7 11. Bxf8 Nxf8 12. Na3 Ng6 13. Nb5 Qc5 14.
a4 O-O 15. d4 Qe7 16. Re1 Rfd8 17. c4 a6 18. Na3 Rac8 19. Qb3 Qc7 20. Rab1 Rd7
21. c5 Nd5 22. Nc4 Rb8 23. Nb6 Rdd8 24. Rb2 Nge7 25. Ne5 Nxb6 26. Qxb6 Qxb6 27.
Rxb6 Nd5 28. Rb3 f6 29. Nc4 Ne7 30. Na5 Rxd4 31. c6 Rxa4 32. c7 Rc8 33. Nxb7
Rxc7 34. Nd6 h6 35. h3 e5 36. Rbb1 Rd4 37. Rb6 Rd7 38. Rb8+ Kh7 39. Ne8 Rd1 40.
Rxd1 Rxd1+ 41. Kh2 Kg6 42. Rb7 Kf7 43. Nxg7 Kxg7 44. Rxe7+ Kg6 45. g4 a5 46.
Ra7 Ra1 47. h4 h5 48. f3 a4 49. Ra6 Ra3 50. gxh5+ Kxh5 51. Rxf6 Kxh4 52. Rf5
Re3 53. Kg2 a3 54. Rf8 Re2+ 55. Kf1 Rh2 0-1